Na sedemdesiatku člena korešpondenta SAV Jozefa Ružičku

Bibliographic Details
Main Author: Kočiš, František, 1928-2013 (Author)
Format: Article
Language:Slovak
Subjects:

MARC

LEADER 00000nab a2200000 a 4500
001 vtls000248026
003 SK-MaSNL
005 20260302211026.0
008 160215c1986 xo 0 slo
015 |a SNBRB19rr/mm-uuuuu 
035 |a CL0258140 
040 |a SNKBUCL  |b slo  |c SNKBUCL  |e AACR2 
041 0 |a slo 
044 |a xo  |c SK 
080 |a 808.54-051  |2 1981 
080 |a 929 Ružička, Jozef  |2 1981 
100 1 |a Kočiš, František,  |d 1928-2013  |4 aut  |9 213250 
245 1 0 |a Na sedemdesiatku člena korešpondenta SAV Jozefa Ružičku  |c František Kočiš 
600 1 7 |a Ružička, Jozef,  |d 1916-1989  |2 snkbucl  |9 86113 
655 7 |a články z novín a časopisov  |2 snkbucl  |9 267496 
773 0 |t Slovenská reč  |g Roč. 51, č. 1 (1986), s. 45-47 
850 |a Slovenská národná knižnica v Martine  |a MTA001 
852 |a SNK  |b KIS3GCP 
958 |a BX 
958 |a RK 
992 |a RBX 
999 |c 1484820  |d 1486750